| 000 | 00728nam a2200253Ia 4500 | ||
|---|---|---|---|
| 003 | OSt | ||
| 005 | 20220925225442.0 | ||
| 006 | a|||||r|||| 00| 0 | ||
| 007 | ta | ||
| 008 | 220923b |||||||| |||| 00| 0 eng d | ||
| 020 | _a0803959699 | ||
| 037 | _cGeneral Book | ||
| 040 |
_aRTL _cRTL _beng |
||
| 041 |
_2eng _aeng |
||
| 082 | _aX:540gY:1, N8 | ||
| 100 |
_aDe Mooij Marieke _9292462 |
||
| 245 | 0 |
_aGlobal marketing and advertising _b Understanding culture paradox |
|
| 260 |
_aLondon _bSage Publication UK _c1998 |
||
| 300 |
_axix, 316p. _ccm. |
||
| 650 | _a Economics | ||
| 650 | _aInternational Trade | ||
| 942 |
_hX:540gY:1, N8 _cGB _2CC |
||
| 999 |
_c583557 _d583557 |
||